000 01916nam a2200313 i 4500
005 20260304115222.0
008 260304t20252025nyu gr 001 0 eng d
020 _a9781534509979
_cRM235.00
_qpaperback
040 _aPPAK
_beng
_cPPAK
_erda
082 0 4 _223
_a346.048
090 0 0 _a346.048
_bINT
_dG
245 0 0 _aIntellectual Property and Artificial Intelligence /
_cEditor: Gary Wiener
250 _aFirst Edition
264 1 _aBuffalo, New York :
_bGreenhaven Publishing,
_c2025
264 4 _c©2025
300 _a176 pages ;
_c23 cm
336 _atext
_2rdacontent
337 _aunmediated
_2rdamedia
338 _avolume
_2rdacarrier
490 1 _aOpposing Viewpoints
500 _aIncludes index.
504 _aBibliography: pages 171-172.
520 _a"Since new types of artificial intelligence like ChatGPT and other large language models have been introduced, many people have expressed excitement and concern about their generative potential. Could AI be used to write a book, make a movie, or create a picture that's just as good as--or maybe even better than--those created by humans? But with these questions come other legal and ethical questions. Data is used to "train" ChatGPT and other forms of AI, but where is this data coming from, and does using it violate the rights of human creators? Furthermore, when the work AI produces strongly resembles or even directly mimics the work of human creators, what intellectual property rights do the creators have? This volume examines these questions and others related to the murky intersection of AI and intellectual property, including whether the use of AI on school assignments is considered plagiarism" -- Provided by publisher.
650 1 0 _aIntellectual property
650 2 0 _aArtificial intelligence
700 1 _aWiener, Gary,
_eeditor.
830 0 _aOpposing viewpoints
942 _2ddc
_cB
999 _c203345
_d203345